书目信息 |
| 题名: |
国外马克思主义哲学流派新编
|
|
| 作者: | 俞吾金 , 陈学明 著 | |
| 分册: | 上 西方马克思主义卷 | |
| 出版信息: | 上海 复旦大学出版社 2002 |
|
| 页数: | 384页 | |
| 开本: | 24cm | |
| 丛书名: | ||
| 单 册: | ||
| 中图分类: | B08 | |
| 科图分类: | ||
| 主题词: | 哲学学派 , 哲学学派--研究 | |
| 电子资源: | ||
| ISBN: | 7-309-03296-9 | |
| 000 | 00770nam0 2200241 45 | |
| 001 | 0310260051 | |
| 005 | 20031219104120.6 | |
| 010 | @a7-309-03296-9@dCNY75.00 | |
| 100 | @a20031026d2002 km y0chiy0120 ea | |
| 101 | 0 | @achi |
| 105 | @a z 000yy | |
| 200 | 1 | @a国外马克思主义哲学流派新编@h上@i西方马克思主义卷@AGuo Wai Ma Ke Si ZhuYi Zhe Xue Liu Pai Xin Bian@f俞吾金,陈学明著@FYu Wu Jin,Chen Xue Ming Zhu |
| 210 | @a上海@c复旦大学出版社@d2002 | |
| 215 | @a384页@d24cm | |
| 300 | @a面向21世纪课程教材 | |
| 517 | @a西方马克思主义卷@AXi Fang Ma Ke Si Zhu Yi Juan | |
| 606 | 0 | @a哲学学派 |
| 606 | 0 | @a哲学学派@x研究 |
| 690 | @aB08@v4 | |
| 701 | @a俞吾金@4著 | |
| 701 | 0 | @a陈学明@4著 |
| 801 | @aCN@bTSTC@c20031026 | |
| 905 | @a213230@b327177-178@dB08@e24:1(1)@f2 | |
| 国外马克思主义哲学流派新编.上.西方马克思主义卷/俞吾金,陈学明著.-上海:复旦大学出版社,2002 |
| 384页;24cm |
| 面向21世纪课程教材 |
| ISBN 7-309-03296-9:CNY75.00 |
| ● |
| 相关链接 |
|
|
|
|
正题名:国外马克思主义哲学流派新编
索取号:B08/24:1(1)
 
预约/预借
| 序号 | 登录号 | 条形码 | 馆藏地/架位号 | 状态 | 备注 |
| 1 | 0327177 | 203271770 | 第一借阅区/ [索取号:B08/24:1(1)] | 在馆 | |
| 2 | 0327178 | 203271789 | 第一样本阅览室/ [索取号:B08/24:1(1)] | 在馆 |